000 003780000a22001570004500
003 LK-CoMWRAF
008 230817t ||||| |||| 00| 0 eng d
040 _aLK-CoMWRAF
_dLK-CoMWRAF
_eLK-CoMWRAF
041 _aeng
082 _a300
_bWOM
245 _aWomen for Peace
_banthology
260 _aBelgrade
_bWomen in Black
_c1993
300 _ap.119
650 _aWomen
942 _cBK
999 _c2237
_d2237